| 000 | 01392nam a2200265Ia 4500 | ||
|---|---|---|---|
| 003 | OSt | ||
| 005 | 20260427101501.0 | ||
| 008 | 260210s9999||||xx |||||||||||||| ||aze|| | ||
| 040 |
_aAz-XaKU _baze _cAz-XaKU |
||
| 041 | 0 | _aaze | |
| 050 | 1 | 4 | _aK3700 .Sa3341 2014 |
| 100 | 1 |
_aSəlimov, Elşad, _emüəllif. |
|
| 245 | 1 | 0 |
_aAzərbaycan Respublikasında insan və vətəndaşların şərəf və ləyaqətinin müdafiəsinin konstitusion hüquqi təminatı _c/ Elşad Səlimov ; elmi redaktor İbrahim Quliyev ; rəyçilər Fərhad Abdullayev, Şöhlət Kərimov, Ayxan Rüstəmzadə |
| 264 |
_aBakı: _b"Elm və təhsil", _c 2014. |
||
| 300 |
_a208 səhifə; _c21.5 sm. |
||
| 504 | _aƏdəbiyyat siyahısı: s. 193-206 | ||
| 505 | 0 | _aÖn söz -- Giriş -- I Fəsil. İnsan və vətəndaşın şərəf və ləyaqətinin müdafiəsinin nəzəri-hüquqi əsasları -- II Fəsil. Şərəf və ləyaqətin müdafiəsinin hüquqi tənzimlənməsi -- III Fəsil. İnsan və vətəndaşların şərəf və ləyaqətinin müdafiəsinin konstitusion-hüquqi təminatının icra mexanizmi və onun təkmilləşdirilməsi -- Nəticə. | |
| 650 | 0 | 7 |
_aHüquq _2Az-XaKU |
| 700 | 1 |
_aQuliyev, İbrahim, _emüəllif. |
|
| 700 | 1 |
_aAbdullayev, Fərhad, _erəyçi. |
|
| 700 | 1 |
_aKərimov, Şöhlət, _erəyçi. |
|
| 700 | 1 |
_aRüstəmzadə, Ayxan, _erəyçi. |
|
| 942 | _cBOOK | ||
| 999 |
_c74 _d74 |
||